La fragmentación de la salud en Colombia y Argentina : (Registro nro. 30941)
[ vista simple ]
| 000 -LEADER | |
|---|---|
| fixed length control field | 01098nam a22002057a 4500 |
| 003 - CONTROL NUMBER IDENTIFIER | |
| control field | CO-CtgCURN |
| 005 - DATE AND TIME OF LATEST TRANSACTION | |
| control field | 20250429140941.0 |
| 008 - FIXED-LENGTH DATA ELEMENTS--GENERAL INFORMATION | |
| fixed length control field | 250429b |||||||| |||| 00| 0 eng d |
| 020 ## - INTERNATIONAL STANDARD BOOK NUMBER | |
| International Standard Book Number | 9587013697 |
| 040 ## - CATALOGING SOURCE | |
| Original cataloging agency | CO-CtgCURN |
| Language of cataloging | spa |
| Transcribing agency | coctgcurn |
| 082 ## - DEWEY DECIMAL CLASSIFICATION NUMBER | |
| Classification number | 613 |
| Item number | H375f |
| 100 ## - MAIN ENTRY--PERSONAL NAME | |
| Personal name | Hernández Álvarez, Mario. |
| 245 ## - TITLE STATEMENT | |
| Title | La fragmentación de la salud en Colombia y Argentina : |
| Remainder of title | una comparación sociopolítica, 1880-1950 / |
| Statement of responsibility, etc. | Mario Hernández Álvarez. |
| 260 ## - PUBLICATION, DISTRIBUTION, ETC. | |
| Place of publication, distribution, etc. | Bogotá : |
| Name of publisher, distributor, etc. | Universidad Nacional de Colombia, |
| Date of publication, distribution, etc. | 2004. |
| 300 ## - PHYSICAL DESCRIPTION | |
| Extent | 330 p. |
| 505 ## - FORMATTED CONTENTS NOTE | |
| Formatted contents note | Un modelo de comparación para la historia de las políticas de salud.--La salud y lo social en los regímenes conservadores. argentina, 1880-1915; Colombia, 1886-1915.--Los intentos de interacción de la salud desde el estado argentina, 1915-1943, Colombia, 1915-1938.--La fragmentación de la salud por vías distintas.--Argentina, 1943-1949; Colombia, 1938-1946 |
| 650 ## - SUBJECT ADDED ENTRY--TOPICAL TERM | |
| Topical term or geographic name entry element | Política de salud |
| Chronological subdivision | 1880-1950 |
| Geographic subdivision | Colombia |
| 650 ## - SUBJECT ADDED ENTRY--TOPICAL TERM | |
| Topical term or geographic name entry element | Política de salud |
| Chronological subdivision | 1880-1950 |
| Geographic subdivision | Argentina |
| 942 ## - ADDED ENTRY ELEMENTS (KOHA) | |
| Source of classification or shelving scheme | Dewey Decimal Classification |
| Koha item type | Libros |
| Classification part | 613 |
| Item part | H375f |
| Suppress in OPAC | No |
| Withdrawn status | Lost status | Source of classification or shelving scheme | Damaged status | Not for loan | Collection | Home library | Current library | Shelving location | Date acquired | Inventory number | Total checkouts | Full call number | Barcode | Date last seen | Copy number | Price effective from | Koha item type | Public note |
|---|---|---|---|---|---|---|---|---|---|---|---|---|---|---|---|---|---|---|
| Dewey Decimal Classification | General | Miguel Henríquez Emiliani | Miguel Henríquez Emiliani | General | 04/29/2025 | 010905 | 613 H375f | 010905 | 04/29/2025 | ej.1 | 04/29/2025 | Libros | 610-CIENME | |||||
| Dewey Decimal Classification | General | Miguel Henríquez Emiliani | Miguel Henríquez Emiliani | General | 04/29/2025 | 010906 | 613 H375f | 010906 | 04/29/2025 | ej.2 | 04/29/2025 | Libros | 610-CIENME |